000 00670nam a2200253Ia 4500
003 OSt
005 20221006143955.0
006 a|||||r|||| 00| 0
007 ta
008 221006b |||||||| |||| 00| 0 eng d
020 _c123.00
024 _a10,535
037 _cTextual
040 _aEASL
_cEASL
_beng
041 _2eng
_aeng
082 _aW:8.41.N7, L8
100 _aLOTTA Raymond Ed.
_9432992
245 0 _aAnd Mao makes 5
_b Mao Tsetung's last great battle
260 _aChicago
_bBanner Press
_c1978
300 _a522p.
_ccm.
490 _v CEL
942 _hW:8.41.N7, L8
_cTEXL
_2CC
999 _c1078621
_d1078621